Drapeaux en 30 secondes #1 - Statistiques

Statistiques générales
  • Ce quiz a été pris 963 fois
  • Le résultat moyen est 12 sur 15
Statistiques - réponses
Hint Réponse % Correct
Espagne 🇪🇸
83%
France 🇫🇷
82%
Royaume-Uni 🇬🇧
81%
Belgique 🇧🇪
81%
Portugal 🇵🇹
80%
Italie 🇮🇹
80%
Vatican 🇻🇦
79%
Islande 🇮🇸
78%
Monaco 🇲🇨
77%
Irlande 🇮🇪
76%
Luxembourg 🇱🇺
76%
Saint-Marin 🇸🇲
76%
Andorre 🇦🇩
76%
Allemagne 🇩🇪
76%
Pays-Bas 🇳🇱
72%
Aucun quiz correspondant
Distribution des résultats
% des personnes avec chaque résultat
Percentile par nombre de réponses
Votre historique - résultats
Vous n’avez pas pris ce quiz